000 00283nam a2200121Ia 4500
008 231106s2019 xx 000 0 und d
041 _aeng
082 _a741.23
100 _aJENNY KEAL
245 _aPASTEL, METHODS AND TECHNIQUE
260 _bSEARCH PRESS
_c2019
300 _aP-122
999 _c920139
_d920139